[Event "FRA-ch U12"]
[Site "Saint Paul Trois Chateaux"]
[Date "2013.05.05"]
[Round "8"]
[White "Laban Giuliani, Lisandru"]
[Black "Bertrand, Alexandre"]
[Result "1-0"]
[WhiteElo "1542"]
[BlackElo "1805"]
[PlyCount "57"]
[EventDate "2013.04.28"]
[EventType "swiss"]
[EventRounds "9"]
[EventCountry "FRA"]
[SourceTitle "CBM 154 Extra"]
[Source "ChessBase"]
[SourceDate "2013.06.25"]
[SourceVersion "2"]
[SourceVersionDate "2013.06.25"]
[SourceQuality "1"]

1. e4 e5 2. Nf3 Nc6 3. d4 exd4 4. Nxd4 Bc5 5. Be3 Qf6 6. c3 Nge7 7. Bc4 0-0 8. 0-0 Nxd4 9. cxd4 Bb6 10. Nc3 d6 11. Rc1 Kh8 12. Qd2 Qg6 13. f4 f5 14. e5 dxe5 15. dxe5 a6 16. Rfd1 Bxe3+ 17. Qxe3 b5 18. Bd5 Rb8 19. Qa7 Qb6+ 20. Qxb6 Rxb6 21. Bf3 Be6 22. Nd5 Nxd5 23. Bxd5 Bxd5 24. Rxd5 Re8 25. Rxc7 Rbe6 26. Rdd7 g5 27. Rxh7+ Kg8 28. Rcg7+ Kf8 29. Rxg5 1-0